000 00654nam a2200241Ia 4500
003 OSt
005 20220918194946.0
006 a|||||r|||| 00| 0
007 ta
008 220917b |||||||| |||| 00| 0 eng d
024 _a82,678
037 _cTextual
040 _aARTS
_cARTS
_beng
041 _2eng
_aeng
082 _aS1:72, K2
100 _aGetzels Jacob W
_988174
245 0 _aGreativity and intelligence
_b explorations with gifted students
260 _c1962
650 _aPSYCHOLOGY
700 _a Jackson Philip W
_988175
942 _hS1:72, K2
_cTEXL
_2CC
999 _c206396
_d206396